000 00745nam1a22002291i 4500
001 rc\2905697
005 20240723201134.0
035 _a(NLR Aleph) 007056742
090 _a6244857
_c6244857
100 _a20110803d1940 |||y0rusy50 ca
101 1 _arus
_ceng
102 _aRU
105 _ay z |||||
200 1 _aАэродинамика
_fПод общ. ред. проф. В.Ф. Дюрэнд
_gПер. под ред. проф. В.В. Голубева
210 _aМосква
_aЛенинград
_cОборонгиз
_d1940
_eКиев
215 _d23 см
702 1 _aДюрэнд
_bВ.Ф.
_4340
702 1 _aГолубев
_bВ.В.
_4340
801 0 _aRU
_bNLR
_gpsbo
801 1 _aRU
_bELAR
_2rusmarc
852 _aNLR
_j37-18/15(6)
942 _cBOOK